| 000 | 00776cam a2200253 4500 | ||
|---|---|---|---|
| 008 | 090401t1995 xxu||||| |||| 00| 0 eng d | ||
| 020 | _a085308212X | ||
| 035 | _a(Sirsi) u25457 | ||
| 041 | _aeng | ||
| 050 | _a346.41068 | ||
| 100 | _aSacker, Tony | ||
| 245 | _aPractical partnership agreements. | ||
| 260 |
_aBristol _bJordans _c1995 |
||
| 300 | _aviii,233p. ; 24cm. | ||
| 350 | _a40 | ||
| 520 | _aA book of precedent agreements and forms relevant to partnerships, including a checklist of considerations which advisers should discuss with the prospective partners when preparing an agreement. | ||
| 650 | _aLAW | ||
| 650 | _aPARTNERSHIP AGREEMENTS | ||
| 650 | _aPARTNERSHIPS | ||
| 650 | _aPRECEDENTS | ||
| 690 | _aLAW | ||
| 942 | _n0 | ||
| 948 | _c04/03/1997 | ||
| 999 |
_c88743 _d88743 |
||